[Event "Hessen-ch U14"]
[Site "Bad Homburg"]
[Date "2012.??.??"]
[Round "3"]
[White "Holzamer, Steffen"]
[Black "Mueller, Michael8888"]
[Result "0-1"]
[WhiteElo "839"]
[BlackElo "1015"]
[PlyCount "116"]
[EventDate "2012.04.??"]
[EventType "swiss"]
[EventRounds "9"]
[EventCountry "GER"]
[SourceTitle "EXT 2015"]
[Source "ChessBase"]
[SourceDate "2014.11.20"]
[SourceVersion "1"]
[SourceVersionDate "2014.11.20"]
[SourceQuality "1"]

1. e4 e5 2. Nf3 Nc6 3. Bc4 Nf6 4. Ng5 d5 5. exd5 Na5 6. d3 Nxc4 7. dxc4 h6 8. Nf3 Bc5 9. 0-0 e4 10. Ne5 Qe7 11. Bf4 Bd6 12. Qd4 Nh5 13. Qxe4 Nxf4 14. Re1 Bxe5 15. Qxe5 Qxe5 16. Rxe5+ Kd8 17. Nc3 Ng6 18. Re3 Re8 19. Rf3 Nh4 20. Rxf7 Nf5 21. Nb5 Bd7 22. a4 a6 23. Nc3 g5 24. b4 Nd6 25. Rh7 Nxc4 26. Rxh6 Na3 27. d6 Nc4 28. dxc7+ Kxc7 29. Nd5+ Kb8 30. Nf6 Rd8 31. Rd1 Ne5 32. h4 gxh4 33. f4 Nf7 34. Rxh4 Kc7 35. Nd5+ Kc6 36. Ne7+ Kc7 37. Rh7 Be8 38. Nd5+ Kc6 39. b5+ axb5 40. axb5+ Kc5 41. c4 Kxc4 42. Nb6+ Kc5 43. Rxd8 Rxd8 44. Na4+ Kxb5 45. Nc3+ Kc4 46. Ne2 Rd1+ 47. Kh2 b5 48. f5 b4 49. Rh4+ Kb5 50. Nd4+ Ka4 51. g4 Rxd4 52. f6 b3 53. Kg3 b2 54. Rh1 Ka3 55. g5 Nxg5 56. Re1 Bg6 57. Rg1 b1Q 58. Rxb1 Bxb1 0-1